| 000 | 01268nam1a22002531i 4500 | ||
|---|---|---|---|
| 001 | rc\2868052 | ||
| 005 | 20240726101309.0 | ||
| 035 | _a(NLR Aleph) 007021709 | ||
| 090 |
_a5915222 _c5915222 |
||
| 100 | _a20110801d1931 |||y0rusy50 ca | ||
| 101 | 0 | _arus | |
| 102 | _aRU | ||
| 105 | _ay z ||||| | ||
| 200 | 1 |
_aКоммерческая эксплоатация _hЧ. 3 _iПеревозка пассажиров и багажа _fСоставили Р[оман] В[асильевич] Бурков и С[ергей] В[асильевич] Пономарев _gЦентр. политехн. заоч. ин-т транспорта ... Эксплоатационное отд-ние |
|
| 210 |
_a[Москва] _cОгиз _cГострансиздат _d1931 _gтип. "Пролетарское слово" |
||
| 215 | _d21х15 см | ||
| 300 | _aБез тит. л. и обложки | ||
| 702 | 1 |
_aБурков _bР.В. _gРоман Васильевич _4220 |
|
| 702 | 1 |
_aПономарев _bС.В. _gСергей Васильевич _4220 |
|
| 710 | 0 | 2 |
_aЦентральный политехнический заочный институт транспорта _cМосква |
| 801 | 0 |
_aRU _bNLR _gpsbo |
|
| 801 | 1 |
_aRU _bELAR _2rusmarc |
|
| 852 |
_aNLR _j31-17/588 |
||
| 942 | _cBOOK | ||